يوميات موظف. (Record no. 12772)
[ view plain ]
| 000 -الفاتح | |
|---|---|
| حقل البيانات ثابتة الطول | 00934cam a22002775i 4500 |
| 003 - محدد رقم الضبط | |
| رقم الضبط | EG-ScBUE |
| 005 - وقت وتاريخ اخر تعامل مع التسجيلة | |
| رقم الضبط | 20200113121608.0 |
| 008 - عناصر البيانات ثابتة الطول - معلومات عامة | |
| حقل البيانات ثابتة الطول | 090909s2002 ua f 00 h a ara d |
| 017 ## - رقم الإيداع القانونى | |
| رقم الإيداع القانونى | 11544/2002 |
| 040 ## - مصدر الفهرسة | |
| وكالة الفهرسة الأصلية | EG-ScBUE |
| لغة الفهرسة | ara |
| قواعد الوصف | rda |
| وكالة النسخ | EG-ScBUE |
| وكالة التعديل | EG-ScBUE |
| 041 0# - رمز اللغة | |
| رمز لغة الملخص / المستخلص / العنوان الفوقي أو الفرعي | ara |
| 082 04 - رقم تصنيف ديوى العشرى | |
| رقم التصنيف | 892.746 |
| رقم المادة | ج و ر |
| رقم الطبعة | 22 |
| 100 1# - المدخل الرئيسى - إسم شخصى | |
| الإسم الشخصى | جورج، ناجي، |
| الدور | مؤلف. |
| 9 (RLIN) | 8770 |
| 245 10 - بيان العنوان | |
| العنوان | يوميات موظف. |
| رقم الجزء/قسم العمل | الجزء الثاني / |
| بيان المسئوليه,etc | ناجي جورج. |
| 250 ## - بيان الطبعة | |
| بيان الطبعة | الطبعة الأولى. |
| 264 #1 - النشر، التوزيع | |
| مكان الناشر او الموزع | القاهرة : |
| اسم الناشر او الموزع | الهيئة العامة لقصور الثقافة، |
| تاريخ النشر أو التوزيع | [2002] |
| 300 ## - الوصف المادى | |
| التعداد | 479 صفحة ؛ |
| أبعاد الوعاء | 13.5 × 19.5 سم |
| 336 ## - نوع المحتوى | |
| source | rdacontent |
| Carrier Type Term | نص |
| Content Type Code | txt |
| 337 ## - نوع الوسيط | |
| source | rdamedia |
| Media Type Term | بدون وسيط |
| Media Type Code | n |
| 338 ## - نوع الحامل أو الناقل | |
| source | rdacarrier |
| Carrier Type Term | مجلد |
| Carrier Type Code | nc |
| 590 ## - تبصرة محلية(RLIN) | |
| تبصرة محلية | rana gobara |
| 650 #7 - المدخل الاضافى بالموضوع-مصطلح موضوعى | |
| 9 (RLIN) | 8771 |
| مصطلح موضوعي أو اسم جغرافي كعنصر مدخل | الأدب العربي الهزلي |
| مصدر الرأس أو المصطلح | BUEsh |
| 653 ## - مصطلح تكشيفى غير مقيد | |
| Arrived date list | July2019 |
| Resource For college | Generalities |
| 655 ## - مصطلح تكشيفى-نوع/شكل | |
| التقسيم الفرعي الشكلي | Reading book |
| 942 ## - عناصر المدخل الإضافي( كوها) | |
| مصدر التصنيف او مخطط الترفيف | Dewey Decimal Classification |
| Koha [default] item type | Book - Borrowing |
| حالة التراجع | حالة الفقد | مصدر التصنيف او خطة الترفيف | حالة تلف | ليس للاعارة | مجموعات كوها | المكان الدائم | المكان الحالي | موقع الترفيف | تاريخ الاكتساب | رقم الاستدعاء | الباركود | Date last seen | مُعار | نوع الوعاء | تبصرة عامة | تحديد مواد ( مجلدات مجمعه أو جزء أخر) |
|---|---|---|---|---|---|---|---|---|---|---|---|---|---|---|---|---|
| Dewey Decimal Classification | Alef-Baa | Central Library | Central Library | Second Floor | 09/09/2009 | 892.746 ج و ر | 000018282 | 15/07/2025 | 26/05/2015 | Book - Borrowing | ج 2 | |||||
| Dewey Decimal Classification | Alef-Baa | Central Library | Central Library | Second Floor | 09/09/2009 | 892.746 ج و ر | 000018281 | 15/07/2025 | 25/07/2011 | NB - Book (Non borrowing) | ج 2 | |||||
| Lost | Dewey Decimal Classification | Alef-Baa | Central Library | Central Library | Second Floor | 09/09/2009 | 892.746 ج و ر | 000018280 | 12/10/2009 | 05/10/2009 | Book - Borrowing | ج 2 | Lost In Inventory_2015-8-23 | |||
| Lost | Dewey Decimal Classification | Baccah | Central Library | Central Library | Second Floor | 19/04/2010 | 892.746 ج و ر | 000020719 | 19/04/2010 | Book - Borrowing | ج2 | Lost In Inventory_2015-8-23 |